000 00599nam a2200241 a 4500
001 nice12345678
003 IN_TiNIC
005 20260116011806.0
008 050524s1919 lona grp 000 0 eng
020 _a
_c100
082 0 0 _a220.15
_bLAN
100 _aLancaster, G Harold
245 _aProphecy, the War, and the Near East.
260 _aLondon
_bMarshal Brothers
_c1919
300 _a253p
500 _aincludes index and biblioraphy
505 2 _aGeneral Index
650 _aBible-Prophecies
700 1 _aLancaster, G Harold
902 _bRBA
942 _cBK
999 _c3997
_d3997